Physical and Engineering Geology / (Record no. 972)
[ view plain ]
| 000 -LEADER | |
|---|---|
| fixed length control field | 00660nam a2200217 a 4500 |
| 003 - CONTROL NUMBER IDENTIFIER | |
| control field | (BD-SpBAUS) |
| 005 - DATE AND TIME OF LATEST TRANSACTION | |
| control field | 20260222092115.0 |
| 008 - FIXED-LENGTH DATA ELEMENTS--GENERAL INFORMATION | |
| fixed length control field | 260222r20181979ii a|||| |||| 001 0 eng d |
| 020 ## - INTERNATIONAL STANDARD BOOK NUMBER | |
| International Standard Book Number | 9788174090320 |
| 040 ## - CATALOGING SOURCE | |
| Original cataloging agency | BD-SpBAUS |
| Transcribing agency | BD-SpBAUS |
| 041 ## - LANGUAGE CODE | |
| Language code of text/sound track or separate title | eng |
| 082 ## - DEWEY DECIMAL CLASSIFICATION NUMBER | |
| Classification number | 624.151 |
| Author mark and year | GAP 1979 |
| 100 ## - MAIN ENTRY--PERSONAL NAME | |
| Personal name | Garg, Santosh Kumar |
| 9 (RLIN) | 2395 |
| 245 ## - TITLE STATEMENT | |
| Title | Physical and Engineering Geology / |
| Statement of responsibility, etc. | Santosh Kumar Garg. |
| 260 ## - PUBLICATION, DISTRIBUTION, ETC. | |
| Place of publication, distribution, etc. | New Delhi : |
| Name of publisher, distributor, etc. | Khanna Publishers, |
| Date of publication, distribution, etc. | c1979 [Reprint 2018]. |
| 300 ## - PHYSICAL DESCRIPTION | |
| Extent | xix, 800 p. : |
| Other physical details | ill. ; |
| Dimensions | 23 cm. |
| 504 ## - BIBLIOGRAPHY, ETC. NOTE | |
| Bibliography, etc. note | Includes index and bibliography |
| 650 ## - SUBJECT ADDED ENTRY--TOPICAL TERM | |
| Topical term or geographic name entry element | Engineering geology |
| 9 (RLIN) | 2396 |
| 650 ## - SUBJECT ADDED ENTRY--TOPICAL TERM | |
| Topical term or geographic name entry element | Geology |
| 9 (RLIN) | 2107 |
| 942 ## - ADDED ENTRY ELEMENTS (KOHA) | |
| Source of classification or shelving scheme | Dewey Decimal Classification |
| Koha item type | Books |
| Suppress in OPAC | No |
| Withdrawn status | Lost status | Source of classification or shelving scheme | Damaged status | Not for loan | Home library | Current library | Date acquired | Source of acquisition | Cost, normal purchase price | Total Checkouts | Full call number | Barcode | Date last seen | Copy number | Price effective from | Koha item type | Shelving location |
|---|---|---|---|---|---|---|---|---|---|---|---|---|---|---|---|---|---|
| Dewey Decimal Classification | Not For Loan | BAUST Central Library | BAUST Central Library | 06/22/2025 | Modern | 962.00 | 624.151 GAP 1979 | 14581 | 02/22/2026 | C-1 | 02/22/2026 | Books | |||||
| Dewey Decimal Classification | BAUST Central Library | BAUST Central Library | 06/22/2025 | Modern | 962.00 | 624.151 GAP 1979 | 14582 | 02/22/2026 | C-2 | 02/22/2026 | Books | General Stacks | |||||
| Dewey Decimal Classification | BAUST Central Library | BAUST Central Library | 06/22/2025 | Modern | 962.00 | 624.151 GAP 1979 | 14583 | 02/22/2026 | C-3 | 02/22/2026 | Books | General Stacks | |||||
| Dewey Decimal Classification | BAUST Central Library | BAUST Central Library | 06/22/2025 | Modern | 962.00 | 624.151 GAP 1979 | 14584 | 02/22/2026 | C-4 | 02/22/2026 | Books | General Stacks | |||||
| Dewey Decimal Classification | BAUST Central Library | BAUST Central Library | 06/22/2025 | Modern | 962.00 | 624.151 GAP 1979 | 14585 | 02/22/2026 | C-5 | 02/22/2026 | Books | General Stacks |
